| 000 | 00458 a2200169 4500 | ||
|---|---|---|---|
| 005 | 20260427120238.0 | ||
| 008 | 260427b |||||||| |||| 00| 0 eng d | ||
| 020 | _a9789361594038 | ||
| 080 |
_a(079.1):38 _bMAD/N"2025" R |
||
| 100 | _aMadaan,K. V. S. | ||
| 245 | _aNTA UGC NET Commerce paper 2 | ||
| 250 | _a5th | ||
| 260 |
_bPearson. _aIndia. _c2025. |
||
| 300 | _aVarious pagination | ||
| 653 | _aCompetitive examination guide-Commerce | ||
| 942 | _cOO | ||
| 999 |
_c116254 _d116253 |
||